000 01275nam a22003617a 4500
003 CHAP
005 20220329143802.0
008 110816s1970 mx a r 00010 spa d
010 _a101846
011 _a102818
035 _a113507
040 _cCHAP
082 0 4 _a333.9113
_bP93
110 1 _aPartido Revolucionario Institucional México. Instituto de Estudios Políticos Económicos y Sociales
_985810
245 1 0 _aTemas hidraúlicos
_c/por Abelardo Anaya Brondo...[et al.]
260 _aMéxico, D.F. :
_bPRI, IEPES
_c1970
300 _apaginación varia :
_bilus.
590 _aBATCH-UPD
_b10
_c20130110
_lUCH01
_h1319
590 _aBATCH-UPD
_b10
_c20130410
_lUCH01
_h0829
590 _aBATCH-UPD
_b10
_c20130914
_lUCH01
_h0312
590 _aBATCH-UPD
_b10
_c20141001
_lUCH01
_h1313
590 _aCONVERSION
_b10
_c20130109
_lUCH01
_h1356
650 1 4 _aAgua para irrigacion.
_92430
650 1 4 _aAgua
_xAprovechamiento.
_92282
650 1 4 _aAgua
_xConservacion.
_92319
650 1 4 _aAgua
_xContaminación.
_92351
650 1 4 _aAgua
_xUtilización.
_92401
650 1 4 _aRecursos hidráulicos
_xMéxico.
_995116
700 0 _aAmaya Brondo, Abelardo.
_95168
901 _aBK
942 _cLIBRO
949 _a333.9113 P93
_bBC
_cLIBRO
_d33724002227876
_eLIBRO
_h115587
_i113507
_sb
999 _c101846
_d101846